00767nam a2200229 i 4500001000700000003000900007005001700016007000300033008004100036020002200077080001300099100002300112245014700135260003700282300005100319600002300370650003400393700001700427700001900444700002100463852005300484109499ES-MaACL20250727165746.0t|151020s2011 xxuo |||| | eng d a978-0-578-08733-7 a77.058.21 aCisneros, Ricardo.10aRicardo Cisneros b: between two worlds / cRicardo Cisneros ; [edited by Juan Luque ; with contributions by Monika Bravo and Raúl Zamudio]. aNew York : bTwo Leaves, c2011. a224 p. : bprincipalmente fot. col. ; c30 cm.14aCisneros, Ricardo. 7aFotografía submarina2embne1 aLuque, Juan.1 aBravo, Monika.1 aZamudio, Raúl. aES-MaACLjA-13442bR.150620cDEPO1dOlim: N-6442